| 000 | 00732nas a2200253 4500 | ||
|---|---|---|---|
| 001 | BR2015005233 | ||
| 003 | BR-BrBNA | ||
| 005 | 20231205125732.0 | ||
| 007 | ta | ||
| 008 | 230509b bl.|||p| |||| 00| 00por d | ||
| 040 |
_aBR-BrBNA _bpor _cBiblioteca Nacional de Agricultura |
||
| 041 | _a(Pt) | ||
| 072 | _aE21 | ||
| 100 | 1 | _aSantos, G.S. | |
| 100 | 1 | _aSouza, D.T. de | |
| 245 | 1 | _aAspectos econômicos das biorrefinarias | |
| 650 | _aREFINARIA | ||
| 650 | _aTECNOLOGIA INDUSTRIAL | ||
| 650 | _aANALISE ECONOMICA | ||
| 650 | _aPROCESSAMENTO | ||
| 773 | 0 |
_tAgroenergia em Revista (Brazil) _xISSN 2238-1023 _g(May 2012), v. 3(4) p. 35-37 _wBR2015005233 |
|
| 909 |
_a202311 _bLúcia _c55 _dLúcia Elande |
||
| 942 |
_2AGRIS _n0 _cANA |
||
| 999 |
_c245848 _d245848 |
||